200 Villains - Statistics

General Stats
  • This quiz has been taken 42 times
  • The average score is 69 of 200
Answer Stats
Picture Answer % Correct
Thanos
100%
Darth Vader
96%
Beetlejuice
93%
The Joker
93%
Voldemort
93%
Chucky
89%
Darth Maul
89%
Dr. Evil
89%
Emperor Palpatine
89%
Harley Quinn
89%
Loki
89%
Penguin
89%
Scar
89%
Captain Hook
85%
Doctor Octopus
85%
Dracula
85%
Freddy Krueger
85%
Green Goblin
85%
Two-Face
85%
10,000 Volt Ghost
81%
Cruella De Vil
81%
Gollum
81%
Mr. Freeze
81%
Predator
81%
Terminator
81%
The Riddler
81%
Venom
81%
Davy Jones
78%
Elektra King
78%
Ghostface
78%
Hannibal Lecter
78%
Horned King
78%
Kingpin
78%
Michael Myers
78%
Pennywise
78%
Wicked Witch of the West
74%
Dr. Doom
70%
Gaston
70%
Sideshow Bob
70%
Bane
67%
Carnage
67%
Count Dooku
67%
HAL 9000
67%
Invisible Man
67%
Norman Bates
67%
Red Skull
67%
Sauron
67%
Leatherface
63%
Skeletor
63%
Vito Corleone
63%
General Grievous
59%
Pinhead
59%
Xenomorph
59%
Agent Smith
56%
Ego
56%
Vulture
56%
Auric Goldfinger
52%
Gellert Grindelwald
52%
Hans Gruber
52%
Ivan Drago
52%
Jack Torrance
52%
Jason Voorhees
52%
Lex Luthor
52%
Vincent Vega
52%
Art the Clown
48%
Jules Winnfield
48%
Nurse Ratched
48%
Oogie Boogie
48%
Saruman the White
48%
Ultron
48%
Biff Tannen
44%
Candyman
44%
Fat Bastard
44%
Galactus
44%
Judge Doom
44%
Kang
44%
Audrey II
41%
Beast Man
41%
Dr. No
41%
Electro
41%
Spot
41%
Tyler Durden
41%
Ernst Stavro Blofeld
37%
Hush
37%
Kamal Khan
37%
Keyser Söze
37%
Khan Noonien Singh
37%
Commodus
33%
Harry
33%
Kodos
33%
Marv
33%
Alex DeLarge
30%
Claude Frollo
30%
Clubber Lang
30%
Black Knight
26%
Evil-Lyn
26%
Jim Moriarty
26%
John Doe
26%
Scarecrow
26%
Baron Harkonnen
22%
Barty Crouch Jr.
22%
Bookworm
22%
Francisco Scaramanga
22%
Headless Horseman
22%
Poggle the Lesser
22%
The Thing
22%
Imhotep
19%
Miss Scarlet
19%
Russ Cargill
19%
The Once-Ler
19%
Trap Jaw
19%
Vigo the Carpathian
19%
Azog the Defiler
15%
Gozer the Gozerian
15%
Le Chiffre
15%
Monokuma
15%
Mrs. White
15%
Chameleon
11%
Chop Top Sawyer
11%
Col. Jessep
11%
Dr. Kananga
11%
Edgar the Bug
11%
Eric Gordon
11%
Hugo Drax
11%
Lao Che
11%
Max Zorin
11%
Mola Ram
11%
Mrs. Peacock
11%
Phantom Virus
11%
Professor Pericles
11%
Raoul Silva
11%
René Belloq
11%
Rosa Klebb
11%
Walter Donovan
11%
Alec Trevelyan
7%
Arnold Toht
7%
Chip Douglas
7%
Elliot Carver
7%
Emilio Largo
7%
Franz Oberhauser
7%
Freak of Crystal Cove
7%
Garraka
7%
Gustav Graves
7%
Haunted Horseman of Hagglethorn Hall
7%
Irina Spalko
7%
Jim Phelps
7%
Lt. Einhorn/Ray Finkle
7%
Mr. Boddy
7%
Mr. Hinx
7%
Nick Nack
7%
Orin Scrivello
7%
Phantom Shadow
7%
Prof. Plum
7%
Sin-Eater
7%
SkekSo/Emperor
7%
V'ger
7%
Wadsworth
7%
Warden Norton
7%
Xenia Onatopp
7%
Alan Stanwyck
4%
Baron Samedi
4%
Boris Grishenko
4%
Cesare the Somnambulist
4%
Col. Mustard
4%
Franz Sanchez
4%
Gabriel
4%
Ghostly Gondolier
4%
Ghost of Christmas Never
4%
Igor Loginov
4%
Jürgen Voller
4%
Karl Stromberg
4%
Kobayashi
4%
Lyutsifer Safin
4%
Owen Davian
4%
Salim Abu Aziz
4%
Sean Ambrose
4%
Spooky Space Kook
4%
Tee Hee
4%
Virgil Sollozzo
4%
Yvette
4%
Aristotle Kristatos
0%
Boogedy Bones
0%
Brad Whitaker
0%
Carter Verone
0%
Corvax
0%
Cullen Crisp
0%
Dead Justice
0%
Dominic Greene
0%
Evelyn Togar
0%
General Koskov
0%
General Orlov
0%
John Lark
0%
Kurt Hendricks
0%
Leigh Teabing
0%
Maldor the Malevolent
0%
Renard
0%
Seraffimo Spang
0%
SkekSil/Chamberlain
0%
Solomon Lane
0%
Tov Kronsteen
0%
No matching quizzes found
Score Distribution
Percent of People with Each Score
Percentile by Number Answered
Your Score History
You have not taken this quiz